|
|
|
|
| LEADER |
01464nam a2200373 a 4500 |
| 001 |
EBC3021118 |
| 003 |
MiAaPQ |
| 005 |
20200520144314.0 |
| 006 |
m o d | |
| 007 |
cr cn||||||||| |
| 008 |
101007s2011 nyua sb 001 0 eng d |
| 010 |
|
|
|z 2010042607
|
| 020 |
|
|
|z 9781611228038 (hbk.)
|
| 020 |
|
|
|a 9781620810460 (electronic bk.)
|
| 035 |
|
|
|a (MiAaPQ)EBC3021118
|
| 035 |
|
|
|a (Au-PeEL)EBL3021118
|
| 035 |
|
|
|a (CaPaEBR)ebr10681318
|
| 035 |
|
|
|a (OCoLC)779847857
|
| 040 |
|
|
|a MiAaPQ
|c MiAaPQ
|d MiAaPQ
|
| 050 |
|
4 |
|a HG4636
|b .F56 2011
|
| 082 |
0 |
4 |
|a 332/.041
|2 22
|
| 245 |
0 |
0 |
|a Financial asset pricing
|h [electronic resource] :
|b theory, global policy and dynamics /
|c Paul E. Schulz and Barbara P. Hoffmann, editors.
|
| 260 |
|
|
|a Hauppauge, N.Y. :
|b Nova Science Publishers,
|c c2011.
|
| 300 |
|
|
|a ix, 212 p. :
|b ill.
|
| 490 |
1 |
|
|a Economic issues, problems and perspectives
|
| 504 |
|
|
|a Includes bibliographical references and index.
|
| 533 |
|
|
|a Electronic reproduction. Ann Arbor, MI : ProQuest, 2015. Available via World Wide Web. Access may be limited to ProQuest affiliated libraries.
|
| 650 |
|
0 |
|a Capital assets pricing model.
|
| 655 |
|
4 |
|a Electronic books.
|
| 700 |
1 |
|
|a Schulz, Paul E.,
|d 1955-
|
| 700 |
1 |
|
|a Hoffmann, Barbara P.
|
| 710 |
2 |
|
|a ProQuest (Firm)
|
| 830 |
|
0 |
|a Economic issues, problems and perspectives series.
|
| 856 |
4 |
0 |
|u https://ebookcentral.proquest.com/lib/matrademy/detail.action?docID=3021118
|z Click to View
|